| 000 | 02379pam a2200349 i 4500 | ||
|---|---|---|---|
| 999 |
_c28000 _d27971 |
||
| 001 | 019131537 | ||
| 003 | EG-ScBUE | ||
| 005 | 20200210091621.0 | ||
| 008 | 181108s2019 enka f b 001 0 eng d | ||
| 020 | _a9781316501801 | ||
| 040 |
_aStDuBDS _beng _erda _cStDuBDS _dUk _dEG-ScBUE |
||
| 082 | 0 | 4 |
_a336 _bHIL _222 |
| 100 | 1 |
_aHillman, Arye L., _eauthor. |
|
| 245 | 1 | 0 |
_aPublic finance and public policy : _ba political economy perspective on the responsibilities and limitations of government / _cArye L. Hillman, Bar-Ilan University. |
| 250 | _aThird edition. | ||
| 264 | 1 |
_aCambridge : _bCambridge University Press, _c2019. |
|
| 300 |
_axiii, 642 pages : _billustrations (black and white) ; _c26 cm |
||
| 336 |
_atext _2rdacontent _btxt |
||
| 336 |
_astill image _2rdacontent _btxt |
||
| 337 |
_aunmediated _2rdamedia _bn |
||
| 338 |
_avolume _2rdacarrier _bnc |
||
| 504 | _aIncludes bibliographical references and index. | ||
| 520 | _a"This new edition restructures and updates the political economy view of the responsibilities and limitations of government. Public-choice and behavioural concepts are prominent. Gender issues are included. Technical concepts are explained from first principles. Economic theory is rigorously applied. Excessive technicality is avoided. The book integrates traditional public finance topics - taxation, public goods, externalities, and income redistribution - with political self-interest, bureaucracy, voting, rent seeking, corruption, and the common-pool problem of public spending. Social justice is viewed as income equality, equality of opportunity, or the right to benefit from one's own effort. Public policies studied include the environment, education, health insurance, welfare payments and entitlements under moral hazard, unemployment insurance, paternalistic impositions, and defence and public safety. This book is ideal for advanced undergraduate and graduate courses that combine economic theory with a real-world perspective on the politics of public finance and public policy. A broad scope makes the book suitable for students in all countries." | ||
| 650 | 7 |
_aFinance, Public. _2BUEsh |
|
| 650 | 7 | _aEconomic policy. | |
| 650 | 7 |
_aTaxation. _2BUEsh |
|
| 653 |
_bBUSADM _cFebruary2020 |
||
| 655 | _vReading book | ||
| 942 |
_2ddc _cBB |
||